[Event "Tilburg"]
[Site "Tilburg"]
[Date "1988.??.??"]
[Round "?"]
[White "Karpov, Anatoly"]
[Black "Van der Wiel, John"]
[Result "1-0"]
[WhiteElo "2725"]
[BlackElo "2540"]
[PlyCount "87"]
[EventDate "1988.09.??"]
[EventType "tourn"]
[EventRounds "14"]
[EventCountry "NED"]
[EventCategory "16"]
[SourceTitle "CBM 009"]
[Source "ChessBase"]
[SourceDate "1989.04.01"]
[SourceVersion "1"]
[SourceVersionDate "1989.04.01"]
[SourceQuality "1"]

1. c4 {Krasenkow,Michal} c6 2. d4 d5 3. Nf3 Nf6 4. Nc3 e6 5. e3 Nbd7 6. Qc2 Bd6 7. Be2 O-O 8. O-O dxc4 9. Bxc4 b5 10. Be2 Qc7 ({RR} 10... a6 11. Ng5 ({RR} 11. Rd1) ({RR} 11. e4 e5) 11... Qc7 ({RR} 11... h6 12. Nge4 Be7 13. Rd1 Qc7 14. Bd2 c5 15. dxc5 Nxe4 16. Nxe4 f5 17. Ng3 Qxc5 18. Qb3 Qb6 19. Ba5) ({RR} 11... Bb7 12. Nce4 ({RR} 12. e4) 12... Be7 13. Nxf6+ Nxf6 14. Bd2 b4 15. Bd3 h6 16. Nh7 Nxh7 17. Bxh7+ Kh8 18. Be4 Qb6 19. Rfc1 Rac8 20. Qb3 a5 21. Qa4 Rfd8 22. Be1 Rc7 23. a3 c5) 12. e4 h6 ({RR} 12... Bxh2+ 13. Kh1 c5 14. e5 cxd4 15. exf6 Nxf6 16. f4 Bg3 17. Qd3 dxc3 18. Qxg3) ({RR} 12... e5 13. dxe5 Bxe5 14. f4 Bxc3 15. bxc3 h6 16. Nf3 c5 17. a4 bxa4 18. c4 Bb7 19. Bd3 Nb8 20. Bb2) 13. e5 ({RR} 13. Nf3 e5) 13... hxg5 14. exd6 Qxd6 15. Bxg5 Qxd4 16. h4 ({RR} 16. Rfd1 Qc5 ({RR} 16... Qe5 17. Bh4) 17. Be3 Qf5 18. Bd3 Qe5 19. Bd4 Qc7 20. Ne4) 16... Bb7 17. Rad1 Qc5 18. Qd2 b4 19. Na4 Qa5 20. b3 c5 21. h5 c4 22. Qe3 ({RR} 22. h6 Qd5 23. Qxd5 exd5 24. bxc4 Rfe8) 22... Qe5 ({RR} 22... c3 23. h6) ({RR} 22... cxb3 23. axb3 Qf5 24. Rd4) 23. Qxe5 Nxe5 24. Nb6 ({RR} 24. Bxf6 gxf6 25. f4) 24... c3 ({RR} 24... Rab8 25. Bf4) ({RR} 24... Rad8 25. bxc4) ({RR} 24... cxb3 25. Nxa8 ({RR} 25. axb3 Rad8 26. Bxf6 gxf6 27. f4 Rxd1 28. Rxd1 Nc6 29. Nd7) 25... bxa2 26. Nb6 b3 ({RR} 26... Nd5 27. Nxd5 Bxd5 28. Be7 a5 ({RR} 28... Rb8 29. Bd6) 29. Bxf8 Kxf8 30. Bb5 b3 31. Rb1 axb1=Q 32. Rxb1) 27. Bf4 Nc6 28. Rd2) 25. Nxa8 {Nepomniachtchi,I (2714)-Korobov,A (2687) Jerusalem 2015 CBM 166 [Krasenkow,Michal] 1-0 (46)}) ({RR} 10... Bb7) 11. Bd2 ({RR} 11. e4 e5 12. dxe5 Nxe5 13. Nxe5 Bxe5 14. f4 Bd4+ 15. Kh1 Qe7 16. e5 Ng4 17. Ne4 Bf5 18. Bxg4 Bxg4 19. Ng5 g6 20. Qxc6 Qb4 21. e6 Bxe6 22. Nxe6 fxe6 23. Qxe6+ Kh8 24. Qb3 a5 25. Qxb4 axb4 {Nogerbek,K (2538)-Gelfand,B (2633) Almaty KAZ 2025 ½-½ (40)}) 11... Re8 12. Rac1 Qb8 $146 ({RR} 12... a6 13. Ne4 Nxe4 14. Qxe4 Bb7 15. Qh4 e5 16. Bd3 h6 17. Bb1 a5 18. a3 a4 19. Rfd1 Qb6 20. Bf5 Rad8 21. Bc3 exd4 22. Bxd4 Qc7 23. Bxd7 Rxd7 24. Qg4 Bf8 25. Bc3 Rxd1+ 26. Rxd1 Bc8 27. Qh4 {Pogonina,N (2453)-Galliamova,A (2421) Cheboksary 2022 0-1 (47)}) ({RR} 12... a6 13. Ne4 Nxe4 14. Qxe4 Bb7 15. Qh4 e5 16. Bd3 h6 17. Bb1 a5 18. a3 a4 19. Rfd1 Qb6 20. Bf5 Rad8 21. Bc3 exd4 22. Bxd4 Qc7 23. Bxd7 Rxd7 24. Qg4 Bf8 25. Bc3 Rxd1+ 26. Rxd1 Bc8 27. Qh4 {Pogonina,N (2453)-Galliamova,A (2421) Cheboksary 2022 0-1 (47)}) 13. Ne4 Nxe4 14. Qxe4 Bb7 15. Qh4 h6 16. Rfd1 a5 17. Be1 Qd8 18. Qxd8 Rexd8 19. Nd2 a4 20. Bf3 Ra6 21. Ne4 Be7 22. a3 Ra7 23. Bb4 Bxb4 24. axb4 Nb6 25. Nc5 Ba8 26. Ra1 Kf8 27. Kf1 Nd7 28. Nd3 Ke7 29. Ra3 Nb6 30. Ke1 Rc8 31. b3 Rcc7 32. Rda1 Bb7 33. Bd1 Bc8 34. bxa4 bxa4 35. Bxa4 f6 36. Bb3 Rxa3 37. Rxa3 g5 38. Kd2 Kd6 39. Ra5 Re7 40. Nc5 f5 41. Nd3 Nd5 42. f3 Rb7 43. Bxd5 exd5 44. Ra8 1-0

[Event "Candidates qf4"]
[Site "Brussels"]
[Date "1991.??.??"]
[Round "2"]
[White "Karpov, Anatoly"]
[Black "Anand, Viswanathan"]
[Result "1/2-1/2"]
[WhiteElo "2730"]
[BlackElo "2650"]
[PlyCount "153"]
[EventDate "1991.08.??"]
[EventType "match"]
[EventRounds "8"]
[EventCountry "BEL"]
[SourceTitle "Candidates"]
[Source "ChessBase"]
[SourceDate "1999.07.01"]
[SourceVersion "2"]
[SourceVersionDate "1999.07.01"]
[SourceQuality "1"]

1. d4 d5 2. c4 c6 3. Nf3 Nf6 4. Nc3 e6 5. e3 Nbd7 6. Be2 Bd6 7. O-O O-O 8. Qc2 dxc4 9. Bxc4 a6 10. Rd1 Qe7 11. h3 b5 12. Bd3 c5 13. Ne4 c4 14. Nxd6 Qxd6 15. Be2 Bb7 16. Bd2 Rfc8 17. Rdc1 $146 ({RR} 17. Ba5 Nb8 18. Ne5 Nc6 19. Nxc6 Bxc6 20. Qd2 Ne4 21. Qe1 Bd5 22. f3 Ng3 {Karpov,A (2735)-Juaneda,M Cannes 1998}) 17... Ne4 18. Ba5 f5 19. Qd1 Bd5 20. Qe1 Qe7 21. a4 Ng5 22. Nxg5 Qxg5 23. Bf1 Nf6 24. axb5 axb5 25. Bd2 Ne4 26. Bb4 h6 27. Rxa8 Rxa8 28. Ra1 Rxa1 29. Qxa1 Kh7 30. Qe1 Qg6 31. Be7 Qf7 32. Ba3 Qa7 33. Qb4 f4 34. Qe1 f3 35. gxf3 Ng5 36. Qb1+ Kh8 37. Bg2 Nxf3+ 38. Bxf3 Bxf3 39. Bd6 Qf7 40. Kh2 Ba8 41. Qg1 Kh7 42. Qg3 b4 43. f3 b3 44. Bb4 Bxf3 45. Qf4 Qb7 46. Bc3 Bd5 47. h4 Bh1 48. Qg3 Qd5 49. Kg1 Qb7 50. Qh3 Bd5 51. e4 Bxe4 52. Qxe6 Bd5 53. Qf5+ Kg8 54. Kf2 Qa8 55. Bb4 Qd8 56. Ke3 Bf7 57. Qf4 Qd7 58. Bc3 Qh3+ 59. Kf2 Bd5 60. Qb8+ Kh7 61. Qg3 Qf5+ 62. Ke1 Qe4+ 63. Kf2 Qc2+ 64. Ke1 Qc1+ 65. Kf2 Qd1 66. Ke3 Qf1 67. Qg4 Qb1 68. Kf2 Qd3 69. Qg3 {Abgabezug/ sealed move} Qc2+ 70. Ke1 Qc1+ 71. Kf2 Qb1 72. Qg4 Qd3 73. Qg3 Qd1 74. Ke3 h5 75. Kf2 Qb1 76. Qe5 Qc2+ 77. Ke1 1/2-1/2

[Event "Cannes NAO Masters"]
[Site "Cannes"]
[Date "2002.02.22"]
[Round "1"]
[White "Karpov, Anatoly"]
[Black "Fressinet, Laurent"]
[Result "1/2-1/2"]
[WhiteElo "2693"]
[BlackElo "2591"]
[Annotator "Lutz,Christopher"]
[PlyCount "132"]
[EventDate "2002.02.22"]
[EventType "tourn"]
[EventRounds "9"]
[EventCountry "FRA"]
[EventCategory "18"]
[SourceTitle "CBM 088"]
[Source "ChessBase"]
[SourceDate "2002.03.21"]
[SourceVersion "1"]
[SourceVersionDate "2002.03.21"]
[SourceQuality "1"]

1. d4 d5 2. c4 c6 3. Nc3 Nf6 4. e3 e6 5. Nf3 Nbd7 6. Qc2 Bd6 7. Bd3 O-O 8. O-O dxc4 9. Bxc4 b5 10. Be2 Bb7 11. Rd1 Qc7 12. e4 {Dieses Vorgehen im Zentrum stellt die direkteste Methode im Kampf um Vorteil dar.} (12. b3 {oder}) (12. a3 {oder}) (12. Bd2 {sind zu schlaff.}) 12... e5 13. g3 Rfe8 {Schwarz hat Gegenspiel gegen e4, muss aber aufpassen, dass sein Damenflügel (insbesondere der c6) nicht unter Beschuss gerät. Nach den bisherigen Erfahrungen steht Schwarz befriedigend, sein Nachteil ist nur gering.} 14. dxe5 (14. a3 a6 15. dxe5 Nxe5 16. Bg5 Nxf3+ 17. Bxf3 Be5 18. Bxf6 gxf6 19. Bg4 Rad8 20. Rac1 Bc8 21. Rxd8 Rxd8 22. Bxc8 Rxc8 23. Qd1 Rd8 24. Qg4+ Kh8 25. Nd5 Qc8 26. Qe2 Re8 27. Qc2 $14 {½-½ Ftacnik,L-Zvjaginsev,V/Herceg Novi 2001/CBM 82 ext (43)}) 14... Nxe5 15. Bg5 (15. Nd4 Bc5 16. Nb3 Bb6 17. Bf4 Qc8 18. Kg2 b4 19. Na4 Nxe4 20. Nac5 Nxc5 21. Nxc5 Bxc5 22. Qxc5 Nd7 23. Rxd7 Qxd7 24. Bf3 Qd8 25. Rd1 Qb6 26. Qxb6 axb6 27. Rd7 Bc8 28. Rc7 Bf5 29. Bxc6 Be4+ 30. Bxe4 Rxe4 $17 {½-½ Tukmakov,V-Sveshnikov,E/Bled 2001/EXT 2002 (78)}) ({RR} 15. Nd4 Neg4 16. Bxb5 cxb5 17. Ndxb5 Qc5 18. Nxd6 Bxe4 19. Ndxe4 Nxe4 20. Rd5 Qc6 21. Qa4 Qxa4 22. Nxa4 Nexf2 23. Kg2 Re1 24. h3 Nf6 25. Rf5 N2e4 26. Nc3 Nxc3 27. bxc3 Rd8 28. Rf1 Rxf1 29. Kxf1 Rd1+ {Bu,X (2729)-Gelfand,B (2676) Hengshui 2019 1-0 (60)}) ({RR} 15. Nh4 Bc5 16. Nf5 Qb6 17. Be3 Bxe3 18. Nxe3 Rad8 19. Rxd8 Rxd8 20. Nb1 {½-½ (20) Milanovic,S (2308)-Pecurica,M (2371) Herceg Novi MNE 2024}) 15... Ned7 $146 (15... Nxf3+ 16. Bxf3 Qe7 17. Bg2 Be5 18. Ne2 Qb4 19. Rd2 Rad8 20. Rad1 Rxd2 21. Rxd2 Qa5 22. b3 c5 23. Rd1 h6 24. Bd2 Qa6 25. Bc3 Bxc3 26. Nxc3 b4 27. Nd5 Nxd5 28. exd5 Qd6 29. h4 h5 30. Rc1 Rc8 31. Qe2 g6 32. Kh2 Ba6 33. Qe3 Bb5 34. f4 $36 {1-0 Ibragimov,I-Asrian,K/Dubai 2000/EXT 2001 (65)}) (15... b4 16. Bxf6 gxf6 17. Na4 c5 18. Rac1 Rac8 19. b3 Bf8 20. Nd4 Ng6 21. Bf3 Qe5 22. Nf5 Bxe4 23. Qxe4 Qxe4 24. Bxe4 Rxe4 25. Nd6 Bxd6 26. Rxd6 c4 $17 {0-1 Kononenko,T-Shalimov,V/Kharkov 2002/CBM 86 ext (34)}) 16. Rac1 a6 17. Qd2 $146 ({RR} 17. Nd4 h6 18. Be3 Rac8 19. Nf5 Be5 20. Bf3 Qa5 21. Bg2 c5 22. f4 Bd4 23. Nxd4 cxd4 24. Bxd4 b4 25. Qa4 Qxa4 26. Nxa4 Nxe4 27. Nb6 Nxb6 28. Bxb6 f5 29. Ba5 Rxc1 30. Rxc1 Bd5 31. Bxb4 Bxa2 {Dankhazi,A (2070)-Antal,T (2251) Celldoemoelk 2011 ½-½ (40)}) 17... Bb4 (17... Bf8 18. Bf4 Qb6 19. e5 Nd5 20. Nxd5 cxd5 21. Be3 $14) 18. Nxb5 $5 {Karpov wählt eine Abwicklung, die ihm scheinbar ein günstiges Endspiel verspricht ...} Bxd2 $2 {... und Fressinet geht darauf ein.} (18... axb5 $5 {is vermutlich besser. Nach} 19. Qxb4 Rxe4 20. Qd2 Rxa2 21. Bxb5 Qb6 22. Bd3 (22. Bxf6 Nxf6 23. Qd8+ Qxd8 24. Rxd8+ Re8 25. Rxe8+ Nxe8 26. Bxc6 Bxc6 27. Rxc6 Rxb2 $11) 22... Re8 23. Rc2 c5 {hat Schwarz durch den Druck auf der langen Diagonalen definitiv keinen Nachteil.}) 19. Nxc7 Bxc1 20. Bxc1 Rxe4 21. Bd3 Rae8 22. Nxe8 Rxe8 23. Bf1 $14 {Läuferpaar und bessere Bauernstellung - eine solche Stellung schmeckt Karpov natürlich. Aber Fressinet beweist seine Qualitäten und hält die Stellung unentschieden.} c5 24. Bg2 Bd5 25. b3 c4 26. bxc4 Bxc4 27. a3 Bd5 28. Be3 h6 29. Bd4 Re2 30. Nd2 Bxg2 31. Kxg2 Re6 32. Nc4 {Jetzt hat Karpov nur noch den Vorteil des Läufers gegen den Springer.} Rc6 33. Ne3 Kh7 (33... h5 $5) 34. h3 Rd6 35. f4 Rc6 36. g4 Nc5 37. Rc1 Nfd7 38. Nf5 f6 39. Ng3 Rc7 40. f5 a5 {Ich habe den Eindruck, dass Schwarz in den letzten Zügen besser hätte spielen können, denn Karpov konnte seinen Vorteil wieder etwas vergrössern.} 41. Kf3 Na6 42. Rc3 Kg8 43. Ne4 Kf8 44. Nd6 Ke7 45. Nb5 Rxc3+ 46. Bxc3 a4 47. Ke4 Nb6 48. Bd4 Nc8 49. Nc3 h5 50. Nxa4 {Weiß hat endlich den a-Bauern erobert, aber angesichts des reduzierten Materials fällt die Verwertung schwer.} hxg4 51. hxg4 Kd6 52. Nc3 Kc6 53. Kf4 Nd6 54. Ne4 Nb5 55. Bb2 Nac7 56. a4 Nd5+ 57. Kf3 Nbc7 58. Ba3 Nb6 59. Bf8 Ne8 60. Kg3 Nxa4 61. Kh4 Nb6 62. Nc5 Kd5 63. Ne6 g5+ 64. Kh5 Nd7 65. Ba3 Ne5 66. Bb2 Nd3 (66... Nd3 67. Bc3 Nf4+ $11) 1/2-1/2

[Event "Candidates qf4"]
[Site "Brussels"]
[Date "1991.??.??"]
[Round "4"]
[White "Karpov, Anatoly"]
[Black "Anand, Viswanathan"]
[Result "1-0"]
[WhiteElo "2730"]
[BlackElo "2650"]
[Annotator "Ftacnik,Lubomir"]
[PlyCount "85"]
[EventDate "1991.08.??"]
[EventType "match"]
[EventRounds "8"]
[EventCountry "BEL"]
[SourceTitle "Candidates"]
[Source "ChessBase"]
[SourceDate "1999.07.01"]
[SourceVersion "2"]
[SourceVersionDate "1999.07.01"]
[SourceQuality "1"]

1. d4 d5 2. c4 c6 3. Nf3 Nf6 4. Nc3 e6 5. e3 Nbd7 6. Qc2 Bd6 7. Be2 O-O 8. O-O dxc4 9. Bxc4 Qe7 10. h3 a6 11. e4 ({RR} 11. a4 c5 12. dxc5 Bxc5 13. e4 Bd6 14. Qe2 Ne5 15. Nxe5 Bxe5 16. f4 Bd4+ 17. Kh1 Rd8 18. e5 Ne8 19. Ne4 Bd7 20. f5 Bxe5 21. Ng5 Bf6 22. Qh5 h6 23. fxe6 Bxe6 24. Nxe6 fxe6 25. Qg6 Qf7 {Sokolov,I (2645)-Akopian,V (2655) Linares 1995 ½-½ (46)}) ({RR} 11. a3 b5 12. Be2 c5 13. dxc5 Bxc5 14. b4 Bd6 15. Ne4 Bb7 16. Nxd6 Qxd6 17. Bb2 Rac8 18. Qb3 Bd5 19. Qd3 Qb8 20. Qd4 Bc4 21. Rfe1 Bxe2 22. Rxe2 Rc4 23. Qd3 Rfc8 24. Rd1 h6 25. Red2 Qb7 {Suvorov,A (2313)-Vasquez Schroder,R (2441) Chess.com INT 2020 0-1 (32)}) 11... e5 12. Rd1 $146 ({RR} 12. Bg5 b5 13. Bb3 h6 14. Bh4 g5 15. Bg3 Nh5 16. Ne2 Bb7 17. dxe5 Bxe5 18. Nxe5 Nxe5 19. Bh2 Rfe8 20. f4 gxf4 21. Nxf4 Nf6 22. Nd3 Nc4 23. e5 Nd5 24. Rf3 Nde3 25. Qf2 c5 26. Rg3+ Kh7 {Epishin,V (2650)-Polgar,S (2450) Mlada Boleslav 1994 1-0 (35)}) 12... b5 13. Bf1 c5 14. d5 c4 15. a4 Rb8 (15... b4 16. Ne2 Nc5 17. Ng3 c3 18. bxc3 b3 19. Qb1 Rb8 $44) 16. axb5 axb5 17. Ra5 $1 b4 18. Na4 $1 Qd8 19. Ra7 b3 $6 (19... c3 20. bxc3 b3 21. Qb1 (21. Qe2 Nc5 22. Nxc5 Bxc5 23. Ra1 Nxe4 24. Qxe4 b2 25. Bxb2 Rxb2 $132) 21... Nc5 22. Nd2 Bd7 23. Nb2 $1 Ne8 24. Nbc4 f5 $13) 20. Qe2 (20. Qxc4 $2 Rb4) 20... Nc5 21. Nxc5 Bxc5 22. Ra1 c3 23. Nxe5 (23. bxc3 b2 24. Bxb2 Nxe4 25. Qxe4 Rxb2 $132) 23... c2 24. Rd3 $1 Qe8 $2 (24... Bd7 $5 25. Nxd7 (25. Bg5 Bb5 26. Nc6 Ra8 27. Nxd8 Rxa1 28. Nb7 Bd4 $13) 25... Nxd7 $1 26. e5 (26. Bf4 Qf6 27. Bxb8 Qxb2 $13) 26... Re8 27. e6 Nf6 $13) (24... Qb6 25. Nc4 Qb5 26. Nd2 Ba6 27. Qf3 $16) (24... Re8 25. Nc6 Qb6 26. Nxb8 Nxe4 $2 27. Be3 $18) 25. Nc6 Rb6 26. Be3 Nxe4 (26... Bxe3 27. Qxe3 $18) 27. Bxc5 Nxc5 28. Re3 $1 (28. Ne7+ Kh8 29. Rc3 Ba6 30. Qe3 Na4 $13) 28... Qd7 29. Qc4 Rxc6 (29... Qd6 30. Rc3 Rxc6 31. dxc6 Qd1 32. Rxd1 cxd1=Q 33. Qxc5 Ba6 34. Rc1 $18) 30. dxc6 Qd1 31. Re1 Qd6 32. Qc3 $1 (32. Ra5 Qd2) 32... Qd5 33. c7 Bb7 34. Ra5 Ne4 35. Rxd5 Nxc3 36. Rd3 Na2 37. Rxb3 Bc8 38. Bc4 $1 g6 39. Ra3 c1=Q 40. Rxc1 Nxc1 41. Rc3 Re8 42. Rxc1 Re7 43. Bf1 {Ftacnik,L} 1-0

[Event "Candidates qf4"]
[Site "Brussels"]
[Date "1991.??.??"]
[Round "8"]
[White "Karpov, Anatoly"]
[Black "Anand, Viswanathan"]
[Result "1-0"]
[WhiteElo "2730"]
[BlackElo "2650"]
[Annotator "Ftacnik,Lubomir"]
[PlyCount "63"]
[EventDate "1991.08.??"]
[EventType "match"]
[EventRounds "8"]
[EventCountry "BEL"]
[SourceTitle "Candidates"]
[Source "ChessBase"]
[SourceDate "1999.07.01"]
[SourceVersion "2"]
[SourceVersionDate "1999.07.01"]
[SourceQuality "1"]

1. d4 {Hansen,Cu} d5 2. c4 c6 3. Nf3 Nf6 4. Nc3 e6 5. e3 Nbd7 6. Qc2 (6. Bd3 Bb4 7. a3 Ba5 8. O-O O-O 9. Qc2 dxc4 10. Bxc4 Bc7 11. Ba2 e5 12. h3 h6 13. e4 Re8 14. Be3 Nh5 $6 15. Rad1 exd4 16. Bxd4 $1 Qe7 17. e5 $1 Nf8 $2 18. Nb5 $1 $18 {Kasparov,G-Van der Wiel,J/Bruxelles/1987/}) 6... Bd6 7. Be2 O-O 8. O-O dxc4 9. Bxc4 Qe7 10. a3 e5 11. h3 Bc7 12. Ba2 h6 $6 (12... exd4 13. exd4 Qd6 (13... Nb6 14. Re1 Qd6 15. Bg5 Nbd5 16. Rad1 g6 17. Qc1 Bf5 $2 18. Nxd5 Nxd5 19. Bxd5 $1 Qxd5 20. Be7 $18 {Van der Sterren,P-West,G/Sydney Mercantile/1991/}) 14. Bg5 Nb6 15. Rae1 Nbd5 16. Re2 Be6 17. Rfe1 Nxc3 18. bxc3 Bxa2 19. Qxa2 b5 $14 {Gurevich,M-Petursson,M/Moskva/1987/}) 13. Nh4 $1 Re8 (13... exd4 14. Nf5 Qe5 15. f4 Qe8 16. Nxd4 $14) 14. Nf5 Qf8 15. Nb5 $1 Bb8 (15... cxb5 16. Qxc7 $16) 16. Bd2 a5 (16... cxb5 17. Bb4 $18) (16... exd4 17. Nbxd4 $14 (17. exd4 a5 18. Nc3 $36)) 17. dxe5 Bxe5 $146 (17... Nxe5 18. Nbd4 $14) (17... Nxe5 {Hansen,Cu}) ({RR} 17... Nxe5 18. Nbd4 c5 19. Ne2 Rd8 20. Bc3 Nd5 21. Rad1 Be6 22. Bxd5 Rxd5 23. Rxd5 Bxd5 24. f4 g6 25. fxe5 gxf5 26. Qxf5 Be6 27. Qe4 Bc8 28. Nf4 Ra6 29. Rf3 Qd8 30. Rg3+ Kf8 31. Qh7 Qd1+ 32. Kh2 {Dydyshko,V-Zelkind,E Minsk 1978 1-0 (34)}) ({RR} 17... Rxe5 18. Nbd4 Ne4 19. f4 Re8 20. Be1 Ndf6 21. b4 axb4 22. axb4 Ra6 23. Rb1 Bd7 24. Bc4 b5 25. Bb3 c5 26. bxc5 Qxc5 27. Bb4 Qxc2 28. Bxc2 Nd5 29. Bd3 {½-½ (29) Arlandi,E (2420)-Godena,M (2415) Reggio Emilia 1992}) 18. f4 Bb8 (18... cxb5 19. fxe5 Rxe5 20. Bc3 Re8 21. Nxh6+ gxh6 22. Qg6+ Kh8 23. Rxf6 $1 $18) (18... Bxb2 19. Nbd6 Bxa1 20. Bxf7+ Kh8 21. Nh4 $18) 19. Nc3 Rd8 (19... Ba7 20. Kh1 Kh8 21. e4 $40) (19... Nc5 20. Nxh6+ gxh6 21. Qg6+ Qg7 22. Bxf7+ Kf8 23. Qxg7+ (23. Bxe8 {Hansen,Cu} Nxe8 24. Qh5 $16) 23... Kxg7 24. Bxe8 Nxe8 25. e4 $16) 20. Be1 (20. e4 Nc5 21. e5 Rxd2 (21... Nfe4 22. Nxe4 Nxe4 23. Qxe4 Rxd2 $14) (21... Bxf5 22. Qxf5 Rxd2 23. exf6 Nd7 $1 24. fxg7 Qxg7) 22. Qxd2 Nfe4 23. Nxe4 Nxe4 24. Nxh6+ gxh6 25. Qe1 $13) 20... Nh7 21. Bh4 Ndf6 22. Rad1 Rxd1 (22... Ba7 $2 23. Nxh6+ gxh6 24. Qg6+ Kh8 25. Bxf6+ $18) 23. Rxd1 Be6 $2 (23... Ba7 24. Nxh6+ gxh6 25. Qg6+ Kh8 26. Bxf6+ $18) (23... Bxf5 24. Qxf5 Ba7 25. Bf2 Re8 26. e4 Bxf2+ 27. Kxf2 $16) 24. Bxe6 fxe6 25. Qb3 Qe8 (25... Nd5 26. Ne7+ Nxe7 27. Qxe6+ Qf7 28. Rd8+ Nf8 29. Qxe7 $18) (25... Qf7 26. Rd8+ Nf8 27. Nd6 Qe7 28. Nxb7 $18) 26. Nxg7 $1 Qf7 (26... Kxg7 27. Qxb7+ Bc7 28. Qxc7+ $18) 27. Nxe6 Ba7 28. Bf2 Re8 29. Nd4 Qxb3 30. Nxb3 Bxe3 31. Bxe3 Rxe3 32. Nxa5 {Ftacnik,L} 1-0

[Event "Candidates qf4"]
[Site "Brussels"]
[Date "1991.??.??"]
[Round "6"]
[White "Karpov, Anatoly"]
[Black "Anand, Viswanathan"]
[Result "0-1"]
[WhiteElo "2730"]
[BlackElo "2650"]
[PlyCount "140"]
[EventDate "1991.08.??"]
[EventType "match"]
[EventRounds "8"]
[EventCountry "BEL"]
[SourceTitle "Candidates"]
[Source "ChessBase"]
[SourceDate "1999.07.01"]
[SourceVersion "2"]
[SourceVersionDate "1999.07.01"]
[SourceQuality "1"]

1. d4 d5 2. c4 c6 3. Nf3 Nf6 4. Nc3 e6 5. e3 Nbd7 6. Qc2 Bd6 7. Be2 O-O 8. O-O dxc4 9. Bxc4 Qe7 10. h3 c5 11. dxc5 Bxc5 12. e4 Bd6 13. Nd4 Ne5 14. Bb3 Bd7 15. Be3 Ng6 16. Rad1 $146 ({RR} 16. Rae1 Rac8 17. f4 Nxf4 18. Bxf4 {1-0 (17) Dokutchaev,A (2415)-Ionov,S (2530) St Petersburg 1994}) 16... Rfd8 17. Nf3 Bc6 18. Rfe1 Rdc8 19. Qb1 Bb4 20. Bd2 Rd8 21. a3 Bc5 22. Na4 Bd6 23. Nc3 Qc7 24. Ba2 a6 25. Be3 b5 26. Bb3 Bb7 27. Rc1 Qe7 28. Bb6 Rdc8 29. Bd4 Nd7 30. Rcd1 Nge5 31. Nxe5 Nxe5 32. Ne2 Qh4 33. f4 Nc4 34. Bf2 Bc5 35. Bxc5 Rxc5 36. Rc1 Nd2 37. Qd3 Nxe4 38. Qe3 Rac8 39. Rcd1 h6 40. Rf1 Nf6 41. Nc3 Qh5 42. Rd6 R5c6 43. Rxc6 Bxc6 44. Rf2 Nd7 45. Rd2 Qc5 46. Qxc5 Nxc5 47. Bc2 Kf8 48. Kf2 Ke7 49. Ke3 Nd7 50. g3 Nf6 51. Bd1 Ne8 52. Bc2 Nd6 53. Bd3 Bb7 54. h4 Nc4+ 55. Bxc4 Rxc4 56. Rd4 Rc5 57. a4 e5 58. Rb4 Bc6 59. axb5 axb5 60. Ne2 f6 61. Rb3 Ke6 62. Ra3 Rc2 63. fxe5 fxe5 64. Ra6 Kd6 {Abgabezug/ sealed move} 65. b4 Rc4 66. Ra7 Bd7 67. Ra6+ Ke7 68. Rg6 Kf7 69. Rd6 Bg4 70. Rd5 Rc2 0-1

[Event "Vienna Lugner City sim"]
[Site "Vienna"]
[Date "2005.04.16"]
[Round "?"]
[White "Karpov, Anatoly"]
[Black "Kubista, Dietmar"]
[Result "1-0"]
[WhiteElo "2674"]
[BlackElo "1987"]
[PlyCount "73"]
[EventDate "2005.04.16"]
[EventType "simul"]
[EventRounds "1"]
[EventCountry "AUT"]
[SourceTitle "EXT 2007"]
[Source "ChessBase"]
[SourceDate "2006.11.23"]
[SourceVersion "1"]
[SourceVersionDate "2006.11.23"]
[SourceQuality "1"]

{D46: Damengambit (Halbslawisch)} 1. d4 {Moradiabadi,Elshan} d5 2. c4 e6 3. Nc3 Nf6 4. Nf3 c6 5. e3 Nbd7 6. Qc2 Bd6 7. Bd3 O-O 8. O-O dxc4 9. Bxc4 e5 ({RR} 9... b5) ({RR} 9... a6) ({RR} 9... Qe7) 10. h3 Qe7 ({RR} 10... exd4 11. exd4 Nb6 12. Bb3 Nbd5 13. Bg5 Be6 14. Ne4) 11. Bb3 Nb6 ({RR} 11... Bc7 12. Bd2 h6 13. Rad1 ({RR} 13. Nh4 Re8 14. Nf5 Qf8 15. Rad1 Kh8 16. dxe5 Bxe5 17. f4 Bb8 18. e4 Nc5 19. e5 Nxb3 20. exf6 ({RR} 20. axb3 Qc5+ 21. Ne3 Ng8 22. Kh1 Be6 23. Rde1 b6 24. Rf3 a5 25. Nc4 a4 26. Ne4 axb3 27. Nxc5 bxc2 28. Nxe6 fxe6 29. Nxb6 Rd8 30. Nxa8 Rxd2 31. Rc1 Ba7 32. Kh2 Bd4 33. Rb3 g5 34. Nb6 gxf4) 20... Qc5+) 13... Re8 14. Nh4 Nf8 15. Nf5 Bxf5 16. Qxf5 e4 17. h4 Rad8 18. a3 Qd7 ({RR} 18... Qd6 19. Qh3 N8d7 20. Ne2 Nd5) 19. Qxd7 N8xd7 20. g3 Nb6 21. Kg2 h5 22. Rc1 g6 23. Rc2 Re7 24. Ba2 Bd6 25. Rb1 Red7 26. b4) ({RR} 11... Bb8 12. Bd2 h6 13. Nh4 Rd8 14. Nf5 Qf8 ({RR} 14... Qe8 15. f4 exd4 16. exd4 Nf8 17. Rae1 Be6 18. d5 Nxd5 19. Nxd5 cxd5 20. Nxg7) 15. Rad1 Nb6 16. dxe5 ({RR} 16. Rfe1 exd4 17. exd4 Nbd5) 16... Bxe5 17. f4 Bc7) 12. dxe5 Bxe5 13. Nxe5 ({RR} 13. a4 Nbd7 14. Nxe5 Qxe5 15. Ba2 Nc5 16. b4 Nxa4 17. Bxf7+ Rxf7 18. Rxa4 Bf5 19. Qb2 Rd7 20. Ra5 b5 21. Na4 Qxb2 22. Bxb2 Nd5 23. Nc5 Re7 24. Ba3 Nb6 25. Bc1 Bc2 26. Ra2 Bg6 27. e4 Bf7 {Laxman,R (2456)-Narayanan,S (2573) Bhubaneswar 2018 1-0 (64)}) 13... Qxe5 14. e4 Be6 ({RR} 14... Re8 15. Re1 ({RR} 15. f3 Be6 16. Bxe6 Rxe6 17. Qf2 Rd8 18. Be3 Nc4 19. Rad1 Rxd1 20. Rxd1 Nxe3 21. Qxe3 Qa5 22. f4 h6 23. e5 Re7 24. Kh2 Nd7 25. Qd4 Qc5 26. Qd2 Qc4 27. b3 Qe6 28. Ne4 f6 29. exf6 Nxf6) 15... Nbd5 16. Bd2 Nf4 17. Bxf4 Qxf4 18. Rad1 Nd7 ({RR} 18... Bd7 19. Qd2 Qxd2 20. Rxd2 Be6 21. Bxe6 Rxe6 22. Red1 Kf8 23. f3 h5) 19. Re3 Qg5 ({RR} 19... Ne5 20. Ne2 Qh4 21. f4) ({RR} 19... Qh4 20. e5 Nc5 21. Ne4 Nxb3 22. Qxb3) 20. f4 Qe7 ({RR} 20... Qxf4 21. Rf3) ({RR} 20... Qc5 21. Qf2) 21. Qf2 Nb6 22. f5 a5 23. e5 a4 24. f6 Qb4 25. a3 ({RR} 25. Bxf7+ Kxf7 26. fxg7+) 25... Qf8 ({RR} 25... Qxb3 26. Qg3 g6 27. Qf4 Kh8 28. Qh6 Rg8 29. Rd8) 26. fxg7 Qe7 27. Ne4 axb3 28. Nf6+ Kxg7 29. Nxe8+ {Bluebaum,M (2642)-Fedoseev,V (2726) Dortmund 2017 CBM 180 [Moradiabadi,Elshan] 1-0 (31)} {RR} Qxe8 30. Rg3+ Kf8 31. Qc5+ Qe7 32. Rd8#) 15. f4 $146 ({RR} 15. Bxe6 Qxe6 16. b3 Rfd8 17. f3 Rd7 18. Bb2 Nh5 19. Ne2 Qh6 20. f4 Rad8 21. Rad1 Qg6 22. Kh2 h6 23. g4 Nf6 24. Ng3 Rxd1 25. Rxd1 Rxd1 26. Qxd1 Nxe4 27. Nf5 Nd5 28. Bxg7 Nd6 29. Nxd6 Qxd6 {Huch,R (2265)-Doerfler,G (2050) Bayern 2002 1-0 (40)}) ({RR} 15. Be3 Rfe8 16. f4 Qa5 17. Bd4 Nfd7 18. Qf2 Bxb3 19. axb3 Qb4 20. e5 c5 21. Be3 f6 22. exf6 Nxf6 23. Bxc5 Qxb3 24. Ra3 Qe6 25. Rfa1 Nbd5 26. Rxa7 Rac8 27. Bd4 Ne4 28. Nxe4 Qxe4 29. Rxb7 Rc2 {Van der Stricht,G (2400)-Maenhout,T (2150) Aalst 2005 ½-½ (48)}) 15... Qd4+ 16. Qf2 Qxf2+ 17. Kxf2 Bxb3 18. axb3 Rfe8 19. Kf3 Red8 20. Be3 Rd3 21. g4 Re8 22. Rfd1 Rxd1 23. Rxd1 h6 24. Ra1 Nc8 25. Bxa7 Nxa7 26. Rxa7 Rb8 27. e5 Nd7 28. Ne4 Kf8 29. b4 Nb6 30. Nc5 Kg8 31. Ke4 Nd5 32. b5 Nb4 33. b6 Nd5 34. Nd7 Rd8 35. Rxb7 Nxb6 36. Nxb6 Rd2 37. Nd7 1-0